000 00509nam a2200145 a 4500
008 130919s2007 ||||||||||||||||| || u
020 _a9781444704730
050 _aPR 6053 .O48645 R43
100 _aConnolly, John
245 1 4 _aThe Reapers
_cby John Connolly
260 _aGreat Britain:
_bHodder and Stoughton
_c2007
300 _a362p.
650 _aENGLISH LANGUAGE
995 _FCBU-MAIN LIBRARY (Kitwe)
_M1
_UAVAILABLE
_WNov 4, 2013
_ZFiction Collection
999 _c55731
_d55731